=LDR 00000nam 2200000 4500 =001 INLIS000000000022572 =005 20211019071147 =035 ##$$a 0010-061300000022572 =008 211019################g##########0#ind## =041 ##$$a Ind =082 ##$$a 340 =090 ##$$a 340, Per a =100 ##$$a Perangin, Effendi =245 1#$$a Anda bermaksud menjadi sarjana hukum ? /$c Effendi Perangin, SH, Abu Dinar, S.H =260 ##$$a Jakarta :$b Rajawali Pers,$c 1992 =300 ##$$a xv, 436 hlm. ; $c 20 14 cm. =650 #4$$a Hukum Sebagai Profesi =850 ##$$a NBPNMAT =020 ##$$a 979-421-021-8 =084 ##$$a 340 PER a =250 ##$$a cet. 2 =700 #$$a Abu Dinar =990 ##$$a 100.109/Pro.96 =990 ##$$a 100.109/Pro.96